000 00421nam a22001457a 4500
005 20150930114745.0
008 150930b xxu||||| |||| 00| 0 eng d
040 _cPK-LaUMT
082 _aKHC 954.918
_bSYE-S
100 _aسید، جی ایم
245 _aسندھودیش
_bکل آج اور کل
_cجی ایم سید
260 _aکراچی
_bدورجدید پبلیکیشنز
_c2000
300 _a165 ص
942 _cBK
999 _c76796
_d76796